| 000 -CABECERA |
| fixed length control field |
01351nam a22002657i 4500 |
| 003 - IDENTIFICADOR DEL NÚMERO DE CONTROL |
| control field |
AR-CdUCM |
| 008 - DATOS DE LONGITUD FIJA--INFORMACIÓN GENERAL |
| fixed length control field |
240523b20212021pe ||||| |||| 00| 0 spa d |
| 020 ## - NÚMERO INTERNACIONAL ESTÁNDAR DEL LIBRO |
| ISBN |
978-612-48745-5-0 |
| 040 ## - FUENTE DE LA CATALOGACIÓN |
| Agencia/entidad que catalogó originalmente la obra |
MUNICIPALIDAD PROVINCIAL DEL CUSCO |
| Entidad que transcribió la catalogación |
BIBLIOTECA MUNICIPAL DEL CUSCO |
| 082 ## - NÚMERO DE LA CLASIFICACIÓN DECIMAL DEWEY |
| No. de Clasificación |
985.04 / M61 |
| Notacion interna |
M61 |
| 110 ## - ENTRADA PRINCIPAL--NOMBRE DE ENTIDAD CORPORATIVA |
| Nombre de la institución, jurisdicción como entrada principal |
Ministerio de Cultura del Perú - Proyecto Especial Bicentenario de la Independencia del Perú |
| 9 (RLIN) |
49983 |
| 245 ## - MENCIÓN DE TÍTULO |
| Título |
Okaratsi 200 abisayetake Osarentsipaye isampitantsi : |
| Resto del título |
Yora escolarespayeni Sankinabaeriantsi, sankinatakoyetsirori ikantsi osaikakotsi / (texto en Asháninka) |
| 260 ## - PUBLICACIÓN, DISTRIBUCIÓN, ETC. |
| Lugar de publicación, distribución, etc. |
Lima : |
| Nombre de la editorial, distribuidor, etc. |
Ministerio de Cultura del Perú, |
| Fecha de publicación, distribución, etc. |
2021 |
| 300 ## - DESCRIPCIÓN FÍSICA |
| Nº de Páginas Extensión |
149 páginas. : |
| Dimensiones |
24cm. |
| 505 ## - NOTA DE CONTENIDO CON FORMATO |
| Nota de contenido formateada |
Apanpitashireakotyaro okanta asaikajetajeni kametsa -- Okantanaka paerani -- Okantayetani osarentsikipaye -- Kantakoyetajerori -- Obayeretantsi -- San Martín Bolívar tsikatsityakotakajerori -- El Perú otikatsityakojetajain -- Apanpitashireakotyaro okanta bicentenario |
| 650 ## - PUNTO DE ACCESO ADICIONAL DE MATERIA--TÉRMINO DE MATERIA |
| Descriptor |
Apanpitashireakotyaro okanta asaikajetajeni kametsa |
| 9 (RLIN) |
49984 |
| 650 ## - PUNTO DE ACCESO ADICIONAL DE MATERIA--TÉRMINO DE MATERIA |
| Descriptor |
Texto en Asháninka |
| 9 (RLIN) |
50004 |
| 650 ## - PUNTO DE ACCESO ADICIONAL DE MATERIA--TÉRMINO DE MATERIA |
| Descriptor |
Okantanaka paerani |
| 9 (RLIN) |
49985 |
| 650 ## - PUNTO DE ACCESO ADICIONAL DE MATERIA--TÉRMINO DE MATERIA |
| Descriptor |
Okantayetani osarentsikipaye |
| 9 (RLIN) |
49986 |
| 650 ## - PUNTO DE ACCESO ADICIONAL DE MATERIA--TÉRMINO DE MATERIA |
| Descriptor |
Kantakoyetajerori |
| 9 (RLIN) |
49987 |
| 856 ## - LOCALIZACIÓN Y ACCESO ELECTRÓNICOS |
| Dirección electrónica |
www.bicentenario.gob.pe/biblioteca |
| 942 ## - ELEMENTOS DE PUNTO DE ACCESO ADICIONAL (KOHA) |
| Fuente de clasificación |
|
| Tipo de item |
Libros-BMC |
| 945 ## - PROCESAMIENTO DE INFORMACIÓN LOCAL (OCLC) |
| Catalogador |
pbj |
| AAAA-MM-DD - Fecha de ingreso o modificacion |
2024-05-23 |